Methods of sociological enquiry (Minor3)/ (Record no. 11925)

MARC details
000 -LEADER
fixed length control field 00642nam a22002177a 4500
005 - DATE AND TIME OF LATEST TRANSACTION
control field 20250901122234.0
008 - FIXED-LENGTH DATA ELEMENTS--GENERAL INFORMATION
fixed length control field 240902b |||||||| |||| 00| 0 eng d
020 ## - INTERNATIONAL STANDARD BOOK NUMBER
International Standard Book Number 9789358499018
040 ## - CATALOGING SOURCE
Original cataloging agency IN-DiNC
Transcribing agency IN-DiNC
041 ## - LANGUAGE CODE
Language code of sung or spoken text English
082 ## - DEWEY DECIMAL CLASSIFICATION NUMBER
Classification number 301.072
Item number BHU
100 ## - MAIN ENTRY--PERSONAL NAME
Personal name Bhuyan, Dilip Kumar
Relator term Author
245 ## - TITLE STATEMENT
Title Methods of sociological enquiry (Minor3)/
Statement of responsibility, etc. by Dilip Kumar Bhuyan, Moushumi Bordoloi and Priyanka Borah
250 ## - EDITION STATEMENT
Edition statement 1st ed.
260 ## - PUBLICATION, DISTRIBUTION, ETC.
Place of publication, distribution, etc. Dibrugarh:
Name of publisher, distributor, etc. Banalata,
Date of publication, distribution, etc. 2024.
300 ## - PHYSICAL DESCRIPTION
Extent 255p.
650 ## - SUBJECT ADDED ENTRY--TOPICAL TERM
Topical term or geographic name entry element Social research
700 ## - ADDED ENTRY--PERSONAL NAME
Personal name Bordoloi, Moushumi
Relator term Author
700 ## - ADDED ENTRY--PERSONAL NAME
Personal name Borah, Priyanka
Relator term Author
942 ## - ADDED ENTRY ELEMENTS (KOHA)
Source of classification or shelving scheme Dewey Decimal Classification
Koha item type Books
Holdings
Withdrawn status Lost status Source of classification or shelving scheme Damaged status Not for loan Collection code Home library Current library Shelving location Date acquired Cost, normal purchase price Total Checkouts Full call number Barcode Date last seen Date last checked out Copy number Price effective from Koha item type
    Dewey Decimal Classification     Sociology Central Library, Naharkatiya College Central Library, Naharkatiya College General Stacks 02/09/2024 330.00 2 301.072 BHU 30166 06/12/2025 26/11/2025 1 02/09/2024 Books
    Dewey Decimal Classification     Sociology Central Library, Naharkatiya College Central Library, Naharkatiya College General Stacks 02/09/2024 330.00 6 301.072 BHU 30167 06/12/2025 11/11/2025 2 02/09/2024 Books
    Dewey Decimal Classification     Sociology Central Library, Naharkatiya College Central Library, Naharkatiya College General Stacks 02/09/2024 330.00 3 301.072 BHU 30168 07/10/2025 18/09/2025 3 02/09/2024 Books
    Dewey Decimal Classification     Sociology Central Library, Naharkatiya College Central Library, Naharkatiya College General Stacks 01/09/2025 330.00   301.072 BHU 31001 01/09/2025   4 01/09/2025 Books
    Dewey Decimal Classification     Sociology Central Library, Naharkatiya College Central Library, Naharkatiya College General Stacks 01/09/2025 330.00   301.072 BHU 31002 01/09/2025   5 01/09/2025 Books

Naharkatiya College © 2020. All rights reserved.

Powered By